000 00949nam0a22002291i 4500
001 rc\458787
005 20240726022831.0
035 _a(NLR Aleph) 005703337
090 _a7300920
_c7300920
100 _a20030616d1987 u |0rusy50 ca
101 0 _arus
102 _aRU
105 _ay |||||||||
200 1 _aАдминистративно-территориальное устройство украинских земель в конце XV - середине XVI в.
_e(Анализ документ. источников)
_eАвтореф. дис. на соиск. учен. степ. канд. ист. наук
_e(07.00.09)
_fИн-т истории АН УССР
210 _aКиев
_d1987
215 _a16 с.
320 _aБиблиогр.: с. 16 (6 назв.)
700 1 _aБоряк
_bГ.В.
_gГеннадий Владимирович
801 0 _aRU
_bNLR
_gpsbo
801 1 _aRU
_bELAR
_2rusmarc
852 _aNLR
_jА87/16511
942 _cBOOK